000 00619nam a2200217Ii 4500
003 JO-AjNU
008 230605s9999||||xx |||||||||||||| ||und||
017 _a31056
040 _aJO-AjNU
_bara
_erda
_cJO-AjNU
041 _aara
050 1 4 _aHA29.5.A7.U8678.1992
100 3 _aالعتوم، شفيق,
_eauthor
_945861
245 0 0 _aمقدمة في الاساليب الاحصائية
250 _aط2
264 3 1 _aعمان:المؤلف،1992
300 _a468ص
336 _atext
_btxt
_2rdacontent
337 _aunmediated
_bn
_2rdamedia
338 _avolume
_bnc
_2rdacarrier
650 4 _aاحصاء
_945862
999 _aA19910
_c23478
_d23478